Sesso à bello /

Gespeichert in:
Bibliographische Detailangaben
Format: Buch
Sprache:Italienisch
Veröffentlicht: Milano : Corriere della sera, c1984
Schriftenreihe:Salve
Tags: Tag hinzufügen
Keine Tags, Fügen Sie das erste Tag hinzu!

MARC

LEADER 00000nam a22000007i 4500
001 IT\ICCU\UBO\3456811
003 ItRI
005 20260115232253.0
008 080716s1984 it |||||| ||||| |||||c
040 |b ita  |c importazione bologna sebina 
041 7 |a ita  |2 ISO-639-2 
130 0 |a Successful sex.  |3 IT\ICCU\UBO\3456829  |9 Kenyon, Frank Edwin 
245 0 0 |a Sesso à bello /  |c Frank Kenyon. 
260 |a Milano :  |b Corriere della sera,  |c c1984 
300 |a 106 p. :  |b ill. ;  |c 19 cm. 
830 0 |a Salve  |0 IT\ICCU\UBO\3456881 
942 |2 ddc  |c BK  |n 0 
952 |0 0  |1 0  |4 0  |6 DOC_301_410000000000000_KEN  |7 0  |9 23338  |a BO  |b BO  |d 2026-01-15  |i 470  |l 0  |o DOC 301.41 KEN  |p BO470  |r 2026-01-15 23:22:53  |w 2026-01-15  |x [Sebina 5] [1 v.]  |y BK  |z 1 v. 
999 |c 19895  |d 19895